Marie nocturno pour piano /

Hlavní autor: Richards, Brinley, 1819-1885
Jazyk: Nelze použít, není lingvistický obsah
Vydáno: Vienne : Müller, [1880?]
Fyzický popis: 7 s.
Hudebniny Hudebniny
Uloženo v:
LEADER 00757ncm a22002292a 4500
001 001205984
003 CZ BrMZK
005 20150721114054.0
007 qu
008 120413s1880 au |||||||||||||||||zxx d
040 |a BOA001  |b cze 
072 7 |a 786  |x Hudba pro klávesové nástroje  |2 Konspekt  |9 9 
100 1 |a Richards, Brinley,  |d 1819-1885  |7 xx0057669  |4 cmp 
245 1 0 |a Marie  |h [hudebnina] :  |b nocturno pour piano /  |c Brinlay Richards 
260 |a Vienne :  |b Müller,  |c [1880?] 
300 |a 7 s. 
500 |a Tisk vtlačenou plotnou, č. W.&B.636 
500 |a Litografie na titulním listě 
910 |a BOA001  |b Mus4-0662.002 
990 |a MU 
991 |b 201204 
996 6 |b 2619088005  |c Mus4-0662.002  |l MZK  |r Sklad / do 1 hodiny  |n 0  |w 001239486  |u 000010  |a 1  |e BOA001  |j MZK50  |s P